000 00472nam a22001931a 4500
001 6144
003 OSt
005 20260204212041.0
008 060310s1984||||sp ||||||b||||||||||spa||
020 _a8425317258
050 _a920 N227i
100 _aNavak, William
245 _aTacocca autobiografía de un triunfador / William Navak
264 _aEspaña : Grijalbo
300 _a431 p
500 _aIncluye indice
650 _a1.AutobiografíasÌ
942 _2ddc
_cBK
999 _c6144
_d6144